000 01654nam0a2200301 4500
001 RU\NLR\BIBL_A\011782562
005 20190409153840.0
035 _a(NLR Aleph) 011782562
090 _a11784392
_c11784392
100 _a20180905d1957 m y0rusy50 ca
101 0 _arus
102 _aRU
105 _aa z 000zy
200 1 _aТеатр и жизнь
_e[сборник театрально-критич. статей
_fподгот. секцией критиков Ленингр. отд-ния Союза писателей СССР
_gредколлегия: Д.И. Золотницкий..., М.О. Янковский (отв. ред.)]
210 _aЛенинград
_aМосква
_cИскусство
_d1957
215 _a421 с.
_cил.
_d26
320 _a"Летопись театральной жизни Ленинграда, 1917-1956" / сост. И. Михайлова и Е. Табатчикова : с. 381-420
606 1 _aТеатры
_yЛенинград, город
_jСборники
_2nlr_sh1
_2nlr_sh2
_3RU\NLR\AUTH\6614426
686 1 _aЩ333(2Р=Рус)7-692Ленинград я43
686 1 _aЩ334.3(2Р=Рус)7-692Ленинград я43
702 1 _aЯнковский
_bМ. О.
_cмузыковед, драматург
_f1898-1972
_gМоисей Осипович
_3RU\NLR\AUTH\7758370
_4340
712 0 2 _aСоюз писателей СССР
_bЛенинградское отделение
_3RU\NLR\AUTH\889918581
_4570
852 _aNLR
_j57-7/2334
942 _cBOOK
980 _aNB